000 00824nam a2200205Ia 4500
001 17611
003 GE_BSU
008 181216s||||||||xx |||||||||||||| ||und||
040 _cGE_BSU
080 _a621.396(035.5)
100 _aБарыгин,А.А. Горин,О.Г. и др.
245 _aСправочник по теоретическим основам радиотэлектроники. В 2-х томах. Том 1.
245 _cПод ред. Б.Х.Кривицкого, В.Н.Дулина. Ред. В.В.Енютин, Б.В.Рощин, М.Б.Челноков.
260 _aМ.
260 _bЭнергия.
260 _c1977.
300 _a504 стр. с илл. 26 см.
653 _aСправочник по теоретическим основам радиотэлектроники.
942 _cBK
999 _c50660
_d50660